000 00306nam a2200121Ia 4500
008 190216s9999||||xx |||||||||||||| ||und||
100 _aJoshi K D
245 0 _aIntroduction To General Topology
260 _bNew Age International Publishers
_c1983
300 _a412p
650 _aMathematics
942 _cBK
999 _c31593
_d31593